SONG OF A GOAT (Record no. 4705)

MARC details
000 -LEADER
fixed length control field 00400nam a22001577a 4500
008 - FIXED-LENGTH DATA ELEMENTS--GENERAL INFORMATION
fixed length control field 260424b |||||||| |||| 00| 0 eng d
020 ## - INTERNATIONAL STANDARD BOOK NUMBER
ISBN 978249125 X
100 ## - MAIN ENTRY--AUTHOR
Author J P CLARK
245 ## - TITLE STATEMENT
Title SONG OF A GOAT
260 ## - PUBLICATION, DISTRIBUTION, ETC. (IMPRINT)
Place of publication IBADAN
Name of publisher UNIVERSITY PRESS PLC
Date of publication 1993
300 ## - COLLATION
Pagination v, 110p.
650 ## - TRACINGS
Main Subject English Literature
Subdivision (1st) Nigeria- fiction
942 ## - ADDED ENTRY ELEMENTS (KOHA)
Item type Books
050 ## - LIBRARY OF CONGRESS CALL NUMBER
Classification number PR9387.9
Item number .C56
Holdings
Source of classification or shelving scheme Not for loan Permanent location Current location Date acquired Accession No. Full call number Barcode. Copy number Koha item type
Library of Congress Classification   Samuel Ogbemudia Main Library, University of Abuja Samuel Ogbemudia Main Library, University of Abuja 04/24/2026 2026/71884-88 PR9378.9 .C56 2026-0199 5 Books